000 00964nac a22003131i 4500
003 EG-ScBUE
005 20260426093433.0
008 260426t1993 nyua f 001 0 eng d
020 _a0816027145 (acid-free)
020 _a9780816027149
040 _aEG-ScBUE
_beng
_erda
_cEG-ScBUE
_dEG-ScBUE
082 0 4 _a541.361
_bALL
_222
100 1 _aAllaby, Michael,
_eauthor.
245 1 0 _aFire :
_bthe vital source of energy /
_cMichael Allaby.
264 1 _aNew York, NY :
_bFacts on File,
_c[1993]
264 4 _cc1993
300 _a208 pages :
_billustrations (some color) ;
_c29 cm.
336 _2rdacontent
_atext
_btxt
337 _aunmediated
_2rdamedia
_bn
338 _avolume
_bnc
_2rdacarrier
490 0 _aElements
500 _aIncludes index.
650 0 _aMatter
_xConstitution.
_2BUEsh
650 7 _aFire.
_2BUEsh
650 7 _aPower resources.
_2BUEsh
650 7 _aPhysical sciences.
_2BUEsh
655 _vReading book
942 _cBB
_2ddc
999 _c5498
_d5498